<?xml version="1.0" encoding="UTF-8"?>
<marc:record xmlns:marc="http://www.loc.gov/MARC21/slim">
   <marc:leader>00000nam a2200000 a 4500</marc:leader>
   <marc:datafield ind1="1" ind2=" " tag="100">
      <marc:subfield code="a">Giersch, Marcus</marc:subfield>
      <marc:subfield code="4">aut</marc:subfield>
      <marc:subfield code="e">Verfasser/-in</marc:subfield>
   </marc:datafield>
   <marc:datafield ind1=" " ind2=" " tag="653">
      <marc:subfield code="a">Tonie</marc:subfield>
   </marc:datafield>
   <marc:datafield ind1=" " ind2=" " tag="653">
      <marc:subfield code="a">Miraculous Ladybug und Cat Noir</marc:subfield>
   </marc:datafield>
   <marc:datafield ind1="0" ind2="0" tag="245">
      <marc:subfield code="a">Miraculous 1 - Aller Anfang ist schwer</marc:subfield>
   </marc:datafield>
   <marc:datafield ind1="0" ind2="0" tag="245">
      <marc:subfield code="c">Giersch, Marcus</marc:subfield>
   </marc:datafield>
   <marc:datafield ind1=" " ind2="1" tag="264">
      <marc:subfield code="b">Boxine</marc:subfield>
      <marc:subfield code="c">2022</marc:subfield>
   </marc:datafield>
   <marc:datafield ind1="1" ind2=" " tag="490">
      <marc:subfield code="a">Tonies</marc:subfield>
   </marc:datafield>
   <marc:datafield ind1="1" ind2=" " tag="520">
      <marc:subfield code="a">Miraculous Hörspiel – Der Bösewicht Hawk Moth kann normale Leute mit Superkräften versehen. Marinette und Adrien sollen als „Ladybug“ und „Cat Noir“ Paris vor seinen Angriffen beschützen.&#xD;
Aller Anfang ist schwer – In ihrem ersten Abenteuer wird ihr Schulkamerad Ivan von Hawk Moth in ein gigantisches Steinmonster verwandelt. Gelingt es Ladybug und Cat Noir ihn und ganz Paris zu retten?&#xD;
&#xD;
Lieferumfang &amp; Details – Tonie-Figur , inkl. Hörspiel: Miraculous – Aller Anfang ist schwer, Hörspiel zur TV-Serie, für Kinder ab 6 Jahren, Spielzeit ca. 49 Minuten.</marc:subfield>
   </marc:datafield>
   <marc:datafield ind1="3" ind2=" " tag="024">
      <marc:subfield code="a">4251192118899</marc:subfield>
   </marc:datafield>
   <marc:datafield ind1="1" ind2=" " tag="521">
      <marc:subfield code="a">ab 6 Jahren</marc:subfield>
   </marc:datafield>
</marc:record>
